El nogal: (Record no. 218522)
[ view plain ]
| 000 -CABECERA | |
|---|---|
| campo de control de longitud fija | 00746 a2200229 4500 |
| 003 - IDENTIFICADOR DEL NÚMERO DE CONTROL | |
| campo de control | OSt |
| 005 - FECHA Y HORA DE LA ÚLTIMA TRANSACCIÓN | |
| campo de control | 20230912141250.0 |
| 008 - DATOS DE LONGITUD FIJA--INFORMACIÓN GENERAL | |
| campo de control de longitud fija | 230313s2012 sp ad||f |||| 001 0 spa d |
| 020 ## - NÚMERO INTERNACIONAL ESTÁNDAR DEL LIBRO | |
| Número Internacional Estándar del Libro | 9788484765165 |
| 040 ## - FUENTE DE LA CATALOGACIÓN | |
| Centro/agencia transcriptor | CHAP |
| 082 00 - NÚMERO DE LA CLASIFICACIÓN DECIMAL DEWEY | |
| Número de edición | 22 |
| Número de clasificación | 634.51 |
| Número de documento/Ítem | M96 |
| 100 1# - ENTRADA PRINCIPAL--NOMBRE DE PERSONA | |
| 9 (RLIN) | 79469 |
| Nombre de persona | Muncharaz Pou, Manuel |
| 245 13 - MENCIÓN DE TÍTULO | |
| Título | El nogal: |
| Resto del título | técnicas de producción de fruto y madera / |
| Mención de responsabilidad, etc. | por Manuel Muncharaz Pou |
| 264 #1 - PRODUCCIÓN, PUBLICACIÓN, DISTRIBUCIÓN, FABRICACIÓN Y COPYRIGHT | |
| Producción, publicación, distribución, fabricación y copyright | España: |
| Nombre del de productor, editor, distribuidor, fabricante | Mundi-Prensa, |
| Fecha de producción, publicación, distribución, fabricación o copyright | 2012. |
| 300 ## - DESCRIPCIÓN FÍSICA | |
| Extensión | 349 páginas: |
| Otras características físicas | Ilustraciones, cuadros, gráficas |
| 504 ## - NOTA DE BIBLIOGRAFÍA, ETC. | |
| Nota de bibliografía, etc. | Incluye índice y bibliografía |
| 650 #4 - PUNTO DE ACCESO ADICIONAL DE MATERIA--TÉRMINO DE MATERIA | |
| 9 (RLIN) | 81557 |
| Término de materia o nombre geográfico como elemento de entrada | Nogal |
| Subdivisión general | Fisiología y morfología |
| 650 #4 - PUNTO DE ACCESO ADICIONAL DE MATERIA--TÉRMINO DE MATERIA | |
| 9 (RLIN) | 152044 |
| Término de materia o nombre geográfico como elemento de entrada | Nogal |
| Subdivisión general | Cultivo |
| 650 #4 - PUNTO DE ACCESO ADICIONAL DE MATERIA--TÉRMINO DE MATERIA | |
| 9 (RLIN) | 81561 |
| Término de materia o nombre geográfico como elemento de entrada | Nogal |
| Subdivisión general | Mercadeo |
| 650 #4 - PUNTO DE ACCESO ADICIONAL DE MATERIA--TÉRMINO DE MATERIA | |
| 9 (RLIN) | 81567 |
| Término de materia o nombre geográfico como elemento de entrada | Nogal |
| Subdivisión general | Propagación |
| 942 ## - ELEMENTOS DE PUNTO DE ACCESO ADICIONAL (KOHA) | |
| Tipo de ítem Koha | |
| Fuente del sistema de clasificación o colocación | Dewey Decimal Classification |
| Estado de retiro | Estado de pérdida | Fuente del sistema de clasificación o colocación | Estado dañado | Restricciones de uso | No para préstamo | Código de colección | Localización permanente | Ubicación/localización actual | Ubicación en estantería | Fecha de adquisición | Total de préstamos | Signatura topográfica completa | Código de barras | En préstamo | Fecha visto por última vez | Fecha del último préstamo | Precio válido a partir de | Tipo de ítem Koha | Número de copia |
|---|---|---|---|---|---|---|---|---|---|---|---|---|---|---|---|---|---|---|---|
| Dewey Decimal Classification | Préstamo 15 días | General | Biblioteca Central | Biblioteca Central | Planta principal - Colección General | 12/09/2023 | 2 | 634.51 M96 | 33724002577793 | 06/05/2026 | 21/04/2026 | 21/04/2026 | 12/09/2023 | Libro | |||||
| Dewey Decimal Classification | Préstamo 15 días | General | Biblioteca Central | Biblioteca Central | Planta principal - Colección General | 12/09/2023 | 2 | 634.51 M96 | 33724002577835 | 11/05/2026 | 24/04/2026 | 24/04/2026 | 12/09/2023 | Libro | c.2 |
